Autant en emporte le vent - Statistiques

Statistiques générales
  • Ce quiz a été pris 49 fois
  • Le résultat moyen est 12 sur 18
Statistiques - réponses
Hint Réponse % Correct
Quel est le nom de famille de Scarlett ? O'Hara
95%
Quel est le grand évènement historique pendant lequel se déroule une partie du livre ? La guerre de sécession
90%
Quel est le nom anglais du roman ? Gone With The Wind
80%
Qui est l'homme qui passe l'essentiel du roman à chercher à conquérir Scarlett ? Rhett Butler
80%
Quel est le nom de la plantation familiale de Scarlett ? Tara
78%
Qui est le grand amour de Scarlett ? Ashley Wilkes
75%
De quelle pays est originaire Gerald, le père de Scarlett ? L'Irlande
75%
En quelle année est sorti le film, dirigé par David O. Selznick ? 1939
73%
Qui a écrit le livre ? Margaret Mitchell
73%
Mais qui ce-dernier épouse-t-il ? Melanie Hamilton
73%
Donnez le nom d'un des enfants de Scarlett Wade Hampton Hamilton | Ella Lorena Kennedy | Bonnie Blue Butler
68%
Dans quelle ville se passe la majorité du roman ? Atlanta
65%
Dans quel état se passe la majorité de l'action ? La Géorgie
65%
Quel était son lien de parenté avec l'épouse du grand amour de Scarlett ? Il était son frère
58%
Quand est-il paru pour la première fois ? 1936
55%
Dans quelles entreprises fait-elle fortune à la place de son mari (citez-en une) ? Magasin | Scierie
40%
A quelle organisation appartenait le second époux de Scarlett, précipitant sa mort ? Le Ku Klux Klan
33%
Comment décède le premier époux de Scarlett ? D'une pneumonie
20%
Aucun quiz correspondant
Distribution des résultats
% des personnes avec chaque résultat
Percentile par nombre de réponses
Votre historique - résultats
Vous n’avez pas pris ce quiz